Artist's resale right (Record no. 106407)

MARC details
000 -LEADER
fixed length control field 01240cam a22002775a 4500
001 - CONTROL NUMBER
control field L136488
008 - FIXED-LENGTH DATA ELEMENTS--GENERAL INFORMATION
fixed length control field 070202s2006 xxk f 000 0 eng u
020 ## - INTERNATIONAL STANDARD BOOK NUMBER
International Standard Book Number 1903987156
035 ## - SYSTEM CONTROL NUMBER
System control number (Sirsi) u136488
041 0# - LANGUAGE CODE
Language code of text/sound track or separate title eng
050 04 - LIBRARY OF CONGRESS CALL NUMBER
Classification number 346.410482 $2 18
100 1# - MAIN ENTRY--PERSONAL NAME
Personal name Stokes, Simon
245 ## - TITLE STATEMENT
Title Artist's resale right
Remainder of title law and practice
260 ## - PUBLICATION, DISTRIBUTION, ETC.
Place of publication, distribution, etc. Leicester
Name of publisher, distributor, etc. IAL
Date of publication, distribution, etc. 2006
300 ## - PHYSICAL DESCRIPTION
Extent ix, 86p.
Dimensions 24cm
350 ## - PRICE (NR) (BK AM CF MU VM SE) [OBSOLETE]
Price 17
505 2# - FORMATTED CONTENTS NOTE
Formatted contents note What is droit de suite -- The path to European harmonisation -- The Directive -- Implementation of the Directive in the UK: The Artist's Resale Right Regulations 2006 -- Practical Issues -- International aspects -- Conclusion
520 ## - SUMMARY, ETC.
Summary, etc. Explores the right of artists to share in the resale proceeds of their works. Considers the background to the right and the 2001/84/EC Directive of September 2001, with an examination of the UK implementing law. Analyses the implementation of the right in a number of EU states and concludes by discussing its future.
590 ## - LOCAL NOTE (RLIN)
Local note KA
650 24 - SUBJECT ADDED ENTRY--TOPICAL TERM
Topical term or geographic name entry element ARTIST'S RESALE RIGHT REGULATIONS 2006
650 24 - SUBJECT ADDED ENTRY--TOPICAL TERM
Topical term or geographic name entry element DIRECTIVE 2001/84/EC
651 #4 - SUBJECT ADDED ENTRY--GEOGRAPHIC NAME
Geographic name United Kingdom
Chronological subdivision
690 ## - LOCAL SUBJECT ADDED ENTRY--TOPICAL TERM (OCLC, RLIN)
Topical term or geographic name as entry element Arts and antiques
9 (RLIN) 6217
710 2# - ADDED ENTRY--CORPORATE NAME
Corporate name or jurisdiction name as entry element Institute of Art and Law
9 (RLIN) 2984
942 ## - ADDED ENTRY ELEMENTS (KOHA)
Suppress in OPAC 0
Holdings
Withdrawn status Lost status Source of classification or shelving scheme Damaged status Not for loan Home library Current library Shelving location Date acquired Cost, normal purchase price Total Checkouts Full call number Barcode Date last seen Copy number Cost, replacement price Price effective from Koha item type
    Dewey Decimal Classification     London London Books 19/04/2007 14.45   346.410482 STO 30073719 06/08/2019 1 14.45 06/08/2019 Book